|
|
|
|
| LEADER |
01352cam a2200349 a 4500 |
| 001 |
AAL8725 |
| 003 |
BD-DhAAL |
| 005 |
20160723114603.0 |
| 008 |
160723s1992 nyu b 000 1 eng |
| 010 |
|
|
|a 92012135
|
| 020 |
|
|
|a 0140186395 :
|c $9.95 ($12.99 Can.)
|
| 040 |
|
|
|a DLC
|c DLC
|d DLC
|d OCoLC
|d DLC
|d BD-DhAAL
|
| 050 |
0 |
0 |
|a PS3537.T3234
|b E3 1992
|
| 082 |
0 |
0 |
|a 813/.52
|2 20
|
| 100 |
1 |
|
|a Steinbeck, John,
|d 1902-1968.
|9 20124
|
| 245 |
1 |
0 |
|a East of Eden /
|c John Steinbeck ; with an introduction by David Wyatt.
|
| 260 |
|
|
|a New York :
|b Penguin Books,
|c 1992.
|
| 300 |
|
|
|a xxx, 602 p. ;
|c 20 cm.
|
| 490 |
|
|
|a Penguin twentieth-century classics
|
| 504 |
|
|
|a Includes bibliographical references (p. xxix-xxx).
|
| 541 |
|
|
|e 8725
|
| 650 |
|
0 |
|a Children of prostitutes
|v Fiction.
|9 20125
|
| 650 |
|
0 |
|a Fathers and sons
|v Fiction.
|9 20126
|
| 650 |
|
0 |
|a Sibling rivalry
|v Fiction.
|9 20127
|
| 650 |
|
0 |
|a Brothers
|v Fiction.
|9 20128
|
| 651 |
|
0 |
|a Salinas River Valley (Calif.)
|v Fiction.
|9 20129
|
| 655 |
|
7 |
|a Domestic fiction.
|2 lcsh
|9 20130
|
| 655 |
|
7 |
|a Historical fiction.
|2 gsafd
|9 20131
|
| 852 |
|
|
|a Savar Campus Library
|c General Shelf
|
| 942 |
|
|
|2 ddc
|c BK
|
| 999 |
|
|
|c 37713
|d 37713
|
| 952 |
|
|
|0 0
|1 0
|2 ddc
|4 0
|6 813_000000000000000__52_STE
|7 0
|9 59404
|a SCL
|b SCL
|c GEN
|d 2016-07-23
|g 300.00
|l 11
|m 27
|o 813.52 STE
|p 3020008725
|r 2026-05-08
|s 2026-04-07
|t 1
|w 2016-07-23
|y BK
|